Racionalidad, lenguaje y accin̤ (Registro nro. 6520)
[ vista simple ]
| 000 -LEADER | |
|---|---|
| fixed length control field | 02076 a2200373 4500 |
| 003 - CONTROL NUMBER IDENTIFIER | |
| control field | OSt |
| 005 - DATE AND TIME OF LATEST TRANSACTION | |
| control field | 20201007141319.0 |
| 008 - FIXED-LENGTH DATA ELEMENTS--GENERAL INFORMATION | |
| fixed length control field | 160517s2016 ck ||||fr|||| 000 0 spa d |
| 020 ## - INTERNATIONAL STANDARD BOOK NUMBER | |
| International Standard Book Number | 9789587631739 |
| 040 ## - CATALOGING SOURCE | |
| Original cataloging agency | CO-BoUCM |
| Language of cataloging | spa |
| Transcribing agency | CO-JMCR |
| 041 0# - LANGUAGE CODE | |
| Language code of text/sound track or separate title | spa |
| 082 04 - DEWEY DECIMAL CLASSIFICATION NUMBER | |
| Classification number | 149 / |
| Item number | F715r |
| Edition number | 20 |
| 100 ## - MAIN ENTRY--PERSONAL NAME | |
| Personal name | Forero Mora, José Andrés, |
| Relator term | autor |
| 9 (RLIN) | 581 |
| 245 00 - TITLE STATEMENT | |
| Title | Racionalidad, lenguaje y accin̤ |
| Remainder of title | aproximaciones analt̕icas |
| Statement of responsibility, etc. | José Andrés Forero Mora, Schumann Javier Andrade Uribe, Tomas Andres Barrero Guzman [y otros 5] |
| 260 ## - PUBLICATION, DISTRIBUTION, ETC. | |
| Name of publisher, distributor, etc. | Uniminuto |
| Date of publication, distribution, etc. | 2016 |
| Place of publication, distribution, etc. | Bogotá (Colombia) |
| 300 ## - PHYSICAL DESCRIPTION | |
| Extent | 195 páginas ; |
| Dimensions | 23 cm |
| 490 ## - SERIES STATEMENT | |
| Series statement | Problemas de filosofía contemporánea |
| 504 ## - BIBLIOGRAPHY, ETC. NOTE | |
| Bibliography, etc. note | Incluye referencias bibliográficas páginas 193-195. |
| 505 ## - FORMATTED CONTENTS NOTE | |
| Formatted contents note | Pluralidad del análisis filosófico / José Andés Forero Mora -- Racionalidad animal. un debate psicológico en perspectiva hermenéutica / Miguel Ángel Pérez Jiménez -- Autoconocimiento, autoconciencia y autoridad de primera persona. Un análisis conceptual / José Andres Forero Mora -- Intención, lenguaje y conocimiento práctico / Tomás Andrés Barrero Guzmán -- Contradicciones y racionalidad: Susana y los viejos jueces y la resurrección de Jesús, un estudio de casos / Susana Goméz Gutiérrez -- H. Putman y Ch. Peirce: Sobre la bondad de la racionalidad / Andersson Mina Vargas -- |
| 650 #7 - SUBJECT ADDED ENTRY--TOPICAL TERM | |
| 9 (RLIN) | 75 |
| Topical term or geographic name entry element | Filosofa̕ |
| General subdivision | Aspectos sociales |
| 650 #7 - SUBJECT ADDED ENTRY--TOPICAL TERM | |
| 9 (RLIN) | 21256 |
| Topical term or geographic name entry element | Pensamiento |
| General subdivision | Filosofa̕ |
| 650 #7 - SUBJECT ADDED ENTRY--TOPICAL TERM | |
| 9 (RLIN) | 8940 |
| Topical term or geographic name entry element | Anl̀isis |
| General subdivision | Filosofa̕ |
| 650 #7 - SUBJECT ADDED ENTRY--TOPICAL TERM | |
| 9 (RLIN) | 15796 |
| Topical term or geographic name entry element | Filosofa̕ del lenguaje |
| 650 #7 - SUBJECT ADDED ENTRY--TOPICAL TERM | |
| 9 (RLIN) | 23022 |
| Topical term or geographic name entry element | Racionalismo |
| 690 #0 - LOCAL SUBJECT ADDED ENTRY--TOPICAL TERM (OCLC, RLIN) | |
| Topical term or geographic name as entry element | Filosofa̕ |
| 9 (RLIN) | 75 |
| 700 1# - ADDED ENTRY--PERSONAL NAME | |
| Personal name | Andrade Uribe, Shumann Javier |
| Relator term | autor |
| 9 (RLIN) | 77242 |
| 700 1# - ADDED ENTRY--PERSONAL NAME | |
| Personal name | Barrero Guzmán, Tomás Andrés |
| Relator term | autor |
| 9 (RLIN) | 77243 |
| 700 1# - ADDED ENTRY--PERSONAL NAME | |
| Personal name | Forero Mora, José Andrés, |
| 9 (RLIN) | 77244 |
| 700 1# - ADDED ENTRY--PERSONAL NAME | |
| Personal name | Giraldo Ceballos, Laura Ivonne, |
| Relator term | autor |
| 9 (RLIN) | 77245 |
| 700 1# - ADDED ENTRY--PERSONAL NAME | |
| Personal name | Gómez Gutiérrez, Sussana, |
| Relator term | autora |
| 9 (RLIN) | 77246 |
| 700 1# - ADDED ENTRY--PERSONAL NAME | |
| Personal name | Mina Vargas, Andersson, |
| 9 (RLIN) | 77247 |
| 700 1# - ADDED ENTRY--PERSONAL NAME | |
| Personal name | Pérez Jiménez, Miguel Ángel, |
| Relator term | autor |
| 9 (RLIN) | 44202 |
| 942 ## - ADDED ENTRY ELEMENTS (KOHA) | |
| Koha item type | Books |
| Institution code [OBSOLETE] | 2 |
| Edition | 1 |
| Classification part | 149.1 |
| Call number suffix | R121le |
| Source of classification or shelving scheme | Dewey Decimal Classification |
| Withdrawn status | Lost status | Source of classification or shelving scheme | Damaged status | Not for loan | Home library | Current library | Shelving location | Date acquired | Source of acquisition | Cost, normal purchase price | Total Checkouts | Full call number | Barcode | Date last seen | Date last checked out | Copy number | Price effective from | Koha item type |
|---|---|---|---|---|---|---|---|---|---|---|---|---|---|---|---|---|---|---|
| Dewey Decimal Classification | Biblioteca Pública José María del Castillo y Rada | Biblioteca Pública José María del Castillo y Rada | Processing Center | 05/27/2019 | Donación | 0.00 | 2 | 149 / F715r | 201809537 | 08/13/2025 | 08/12/2025 | Ej.1 | 02/13/2020 | Books |